Metodología jurídica (Record no. 126518)

MARC details
000 -LEADER
fixed length control field 00662cam a2200193 4500
005 - DATE AND TIME OF LATEST TRANSACTION
control field 20220118113559.0
008 - FIXED-LENGTH DATA ELEMENTS--GENERAL INFORMATION
fixed length control field 200122b ag ||||| |||| 00| 0 spa d
050 04 - LIBRARY OF CONGRESS CALL NUMBER
Classification number K85
Item number S28 1979
100 1# - MAIN ENTRY--PERSONAL NAME
Personal name Savigny, Friedrich Karl von
Dates associated with a name 1779-1861,
Relator term autor
240 10 - UNIFORM TITLE
Uniform title Juristische methodenlehre
Language of a work Español
245 10 - TITLE STATEMENT
Title Metodología jurídica
Statement of responsibility, etc / Friedrich Karl Von Savigny ; traducción de J.J. Santa-Pinter
250 ## - EDITION STATEMENT
Edition statement 1a ed.
260 ## - PUBLICATION, DISTRIBUTION, ETC. (IMPRINT)
Place of publication, distribution, etc Buenos Aires :
Name of publisher, distributor, etc Depalma,
Date of publication, distribution, etc 1979
300 ## - PHYSICAL DESCRIPTION
Extent 89 p. :
Dimensions 21 cm.
650 #7 - SUBJECT ADDED ENTRY--TOPICAL TERM
Source of heading or term lemb.
Topical term or geographic name as entry element Derecho
General subdivision Metodología
650 #7 - SUBJECT ADDED ENTRY--TOPICAL TERM
Source of heading or term lemb.
Topical term or geographic name as entry element Interpretación del derecho
700 1# - ADDED ENTRY--PERSONAL NAME
Personal name Santa-Pinter, J.J.
Relator term traductor
942 ## - ADDED ENTRY ELEMENTS (KOHA)
Source of classification or shelving scheme Biblioteca del Cogreso de los Estados Unidos
Koha item type Libro
Holdings
Estado de pérdida Fuente de clasificación Estado del daño No para préstamo Ubicación permanente Ubicación actual Apartado o colección Fecha de adquisición Edición Dependencia de educación superior (DES) Área del conocimiento Clasificación Código de Barras Date last seen Número de copia Costo por reposición Tipo de recurso
  Biblioteca del Cogreso de los Estados Unidos     Biblioteca de la Facultad de Derecho y Ciencias Sociales "Felipe J. Tena" Biblioteca de la Facultad de Derecho y Ciencias Sociales "Felipe J. Tena" General 22/01/2020 1a ed. Derecho Ciencias Sociales y Administrativas K85 S28 1979 BFD000012002 22/01/2020 1 1.00 Libro